• 首页
  • 本馆介绍
  • 公告通知
  • 最新文献
  • 馆藏检索
  • 电子资源
  • 读者导购
  • 参考咨询
  • 我的图书馆
  • 登录
  • 详细信息显示
  • 放入我的书架
  • 预约/预借图书
  • 作者相关作品
  • 分类相关作品
  • 丛书相关作品
  • 出版社相关作品

书目信息

  • 表格格式
  • 工作单格式
  • 卡片格式
题名:
职业素养与礼仪
    
 
作者: 肖薇 主编
分册:  
出版信息: 北京   北京理工大学出版社  2011
页数: 190页
开本: 24cm
丛书名:
单 册:
中图分类: B822.9 , K891.26
科图分类:
主题词: 职业道德--高等职业教育--教材 , 礼仪--高等职业教育--教材
电子资源:
ISBN: 978-7-5640-4947-8
000 00878nam0 2200265 450
001 339664
005 20150608160928.59
010    @a978-7-5640-4947-8@dCNY23.00
100    @a20120416d2011 em y0chiy50 ea
101 0  @achi
102    @aCN@b110000
105    @ay z 000yy
106    @ar
200 1  @a职业素养与礼仪@Azhi ye su yang yu li yi@f肖薇主编
210    @a北京@c北京理工大学出版社@d2011
215    @a190页@d24cm
300    @a高等职业教育“十二五”规划教材
330    @a本书分上、下两篇, 共10章, 上篇讲述礼仪概述、个人礼仪、校园礼仪、社交礼仪、求职礼仪;下篇讲述学习能力、沟通能力、团队合作能力、职业规划能力等。
606 0  @a职业道德@x高等职业教育@j教材
606 0  @a礼仪@x高等职业教育@j教材
690    @aB822.9@v5
690    @aK891.26@v5
701  0 @a肖薇@Axiao wei@c(高等职业教育)@4主编
801  0 @aCN@b卓展宏图@c20150525
905    @dB822.9@e592@f4
    
    职业素养与礼仪/肖薇主编.-北京:北京理工大学出版社,2011
    190页;24cm
    高等职业教育“十二五”规划教材
    
    ISBN 978-7-5640-4947-8:CNY23.00
    本书分上、下两篇, 共10章, 上篇讲述礼仪概述、个人礼仪、校园礼仪、社交礼仪、求职礼仪;下篇讲述学习能力、沟通能力、团队合作能力、职业规划能力等。
●
相关链接 在E读中查询图书 在五车中查询图书 在当当中查询图书 在豆瓣中查询图书


正题名:职业素养与礼仪     索取号:B822.9/592         预约/预借

序号 登录号 条形码 馆藏地/架位号 状态 备注
1 863561   208635618   第一样本阅览室/ [索取号:B822.9/592] 在馆    
2 863562   208635627   第一借阅区/ [索取号:B822.9/592] 在馆    
3 863563   208635636   第一借阅区/ [索取号:B822.9/592] 在馆    
4 863564   208635645   第一借阅区/ [索取号:B822.9/592] 在馆    
唐山师范学院图书馆 欢迎您!
大连网信软件有限公司© 版权所有